000
00361nam a2200133Ia 4500
008
191206s9999 xx 000 0 und d
020
_a
517383578
090
_a
G2230.R47
245
0
_a
Atlas of the biblical world
260
_a
Greenwich House
260
_c
c1982
300
_a
"1 atlas (224 p.) : ill. (some col.), col. maps ; 3"
999
_c
15518
_d
15518